000 00637nam a2200193Ia 4500
005 20250508155830.0
008 008 250505s9999 xx 000 0 eng d
037 _aDissertations
040 _aFEDL
_beng
_cFEDL
041 _aeng
_2eng
084 _a513.07, CHO/DI
_qFEDL
100 _aChoudhari Pradip Chandra
_9767588
245 0 _aInvestigation into the difficulties of pupils of class 10 of the Delhi high and higher secondary schools in solving Geometrical exercises
260 _c1953
300 _a87p.
546 _aM.Ed Dissertation 1952-53
942 _cDIS
_h513.07, CHO/DI
999 _c1359500
_d1359500